000 00258nam a2200085Ia 4500
008 160329s9999 xx 000 0 und d
245 _aRobert C. Maynard Institute for Journalism Education
650 _aMass Communication.
856 _uhttp://www.maynardije.org/
999 _c292911
_d292911